000 00600nam a2200181Ia 4500
003 IN-BaIIA
008 211028s9999 xx 000 0 eng d
040 _cIIA Library
080 _a5(091)
_bPRA
245 4 _aThe prgoress of science in India during the past twenty-five years
_cedited by B. Prashad
260 _aCalcutta
_bThe Indian Science Congress Association
_c1938
300 _alvi, 767p.
650 _aHistorical science
_912338
650 _aNASA Thesaurus
650 _aScience-historial
_917504
700 _aPrashad, B., ed.
_917505
942 _cBK
999 _c10293
_d10293